LEADER 00918nam0-22003131i-450- 001 990004070250403321 005 20150218091447.0 035 $a000407025 035 $aFED01000407025 035 $a(Aleph)000407025FED01 035 $a000407025 100 $a19990604d1971----km-y0itay50------ba 101 0 $aeng 102 $aNL 105 $ay-------00-c- 200 1 $a<>trial of Jesus$ea study in the gospels and jewish historiography from 1770 to the present day$fby David R. Catchpole 210 $aLeiden$cBrill$d1971 215 $aXIV, 324 p.$d24 cm 225 1 $aStudia post-biblica$v18 610 0 $aGesù Cristo - Processo 676 $a232.962 700 1$aCatchpole,$bDavid R.$0156836 801 0$aIT$bUNINA$gRICA$2UNIMARC 901 $aBK 912 $a990004070250403321 952 $a232.962 CAT 1$bBibl. 21647$fFLFBC 959 $aFLFBC 996 $aTrial of Jesus$9479125 997 $aUNINA LEADER 01241nam a2200277 i 4500 001 991003270229707536 005 20020503185712.0 008 961010s1978 sz ||| | lat 035 $ab10481813-39ule_inst 035 $aEXGIL117978$9ExL 040 $aBiblioteca Interfacoltà$bita 100 1 $aRudio, Ferdinand$0333663 245 10$aLeonhardi Euleri commentationes arithmeticae /$cedidit Ferdinand Rudio 300 $av. 2 ;$c29 cm. 490 0 $aLeonhardi Euleri opera omnia. Serie 1. Opera Mathematica ;$v2 500 $aRiprod. facs. dell'ed. di: Lipsiae et Berolini : Typis et in aedibus B.G.Teubneri, 1915, 1917. 500 $a1.: volumen primum ; 2.: volumen secundum. 907 $a.b10481813$b21-02-17$c27-06-02 912 $a991003270229707536 945 $aLE002 510 EUL 945 $aLE002 Scien. I L 4/II-$g1$i2002000009692$lle002$nv. 2 (Ris. 1915)$o-$pE0.00$q-$rn$so $t0$u0$v0$w0$x0$y.i10556096$z27-06-02 945 $aLE002 510 EUL 945 $aLE002 Scien. I L 4/III$g1$i2002000009708$lle002$nV. 3 (Ris. 1917)$o-$pE0.00$q-$rn$so $t0$u0$v0$w0$x0$y.i10556102$z27-06-02 996 $aLeonhardi Euleri commentationes arithmeticae$9213540 997 $aUNISALENTO 998 $ale002$b01-01-96$cm$da $e-$flat$gsz $h0$i2